00562nam a2200193Ia 4500003000400000005001700004008004100021020001900062040000700081041000800088082001300096100001900109245004300128260001700171650002000188942001300208999001900221952012800240OSt20251017100808.0250729s2005 xx 000 0 und d a978-8128633218 cAL aeng a900 DISB aDisney9223223 aBog book of facts-history of the world aMumbaic2005 aHistory9223224 2ddccBED c235796d235796 00104070aALbALd2025-07-29eBook Exhibitiong450.00l0o900 DISBpBED01115r2025-07-29 16:54:18v450.00w2025-07-29yBK